00421nam a2200157Ia 4500003000400000008004100004040001600045082002000061100002100081245007200102260003700174650001300211650000900224650000900233650002100242GCL140319s9999 xx 000 0 eng d aGCL / cGCL04aCHb649.55bT D1 aTUXNORTH, NICOLA10aDIGGERS AND DUMPERS: A VERY FIRST PICTURE BOOK / cTUXNORTH, NICOLA a[S.N] : bLORENZ BOOKS ، c199704aCHILDREN04aTOYS04aPLAY04aCHILDREN - BOOKS